Forgotten voices of D-Day / (Record no. 161671)
[ view plain ]
| 000 -LEADER | |
|---|---|
| fixed length control field | 01073cam a2200301 i 4500 |
| 001 - CONTROL NUMBER | |
| control field | vtls003263804 |
| 003 - CONTROL NUMBER IDENTIFIER | |
| control field | MY-SjTCS |
| 005 - DATE AND TIME OF LATEST TRANSACTION | |
| control field | 20200226120255.0 |
| 008 - FIXED-LENGTH DATA ELEMENTS--GENERAL INFORMATION | |
| fixed length control field | 150612s2010 enkab 001 0 eng d |
| 020 ## - INTERNATIONAL STANDARD BOOK NUMBER | |
| International Standard Book Number | 9780091930691 (paperback) |
| 039 #9 - LEVEL OF BIBLIOGRAPHIC CONTROL AND CODING DETAIL [OBSOLETE] | |
| Level of rules in bibliographic description | 201809071332 |
| Level of effort used to assign nonsubject heading access points | VLOAD |
| Level of effort used to assign subject headings | 201512281127 |
| Level of effort used to assign classification | pushpa |
| Level of effort used to assign subject headings | 201512281121 |
| Level of effort used to assign classification | pushpa |
| -- | 201506121438 |
| -- | malathy |
| 040 ## - CATALOGING SOURCE | |
| Description conventions | rda |
| 082 04 - DEWEY DECIMAL CLASSIFICATION NUMBER | |
| Classification number | 940.542142 |
| Item number | BAI 2010 |
| 100 1# - MAIN ENTRY--PERSONAL NAME | |
| Personal name | Bailey, Roderick. |
| 245 10 - TITLE STATEMENT | |
| Title | Forgotten voices of D-Day / |
| Statement of responsibility, etc. | Roderick Bailey. |
| 264 #1 - PRODUCTION, PUBLICATION, DISTRIBUTION, MANUFACTURE, AND COPYRIGHT NOTICE | |
| Place of production, publication, distribution, manufacture | [London] : |
| Name of producer, publisher, distributor, manufacturer | Ebury Press, |
| Date of production, publication, distribution, manufacture, or copyright notice | 2010. |
| 300 ## - PHYSICAL DESCRIPTION | |
| Extent | xiii, 401 pages : |
| Other physical details | illustrations, maps ; |
| Dimensions | 20 cm |
| 336 ## - CONTENT TYPE | |
| Content type term | text |
| Source | rdacontent |
| 337 ## - MEDIA TYPE | |
| Media type term | unmediated |
| Source | rdamedia |
| 338 ## - CARRIER TYPE | |
| Carrier type term | volume |
| Source | rdacarrier |
| 500 ## - GENERAL NOTE | |
| General note | Includes indexes. |
| 500 ## - GENERAL NOTE | |
| General note | Originally published: 2009. |
| 500 ## - GENERAL NOTE | |
| General note | Published in association with The Imperial War Museum. |
| 650 #0 - SUBJECT ADDED ENTRY--TOPICAL TERM | |
| Topical term or geographic name entry element | World War, 1939-1945 |
| General subdivision | Campaigns |
| Geographic subdivision | France |
| -- | Normandy. |
| 650 #0 - SUBJECT ADDED ENTRY--TOPICAL TERM | |
| Topical term or geographic name entry element | World War, 1939-1945 |
| Form subdivision | Personal narratives, British. |
| 710 2# - ADDED ENTRY--CORPORATE NAME | |
| Corporate name or jurisdiction name as entry element | Imperial War Museum (Great Britain) |
| 9 (RLIN) | 74106 |
| 920 ## - Programme | |
| Programme | SOC : 219619 |
| Withdrawn status | Lost status | Source of classification or shelving scheme | Damaged status | Not for loan | Collection code | Home library | Current library | Date acquired | Cost, normal purchase price | Total Checkouts | Barcode | Date last seen | Copy number | Cost, replacement price | Koha item type | Public note |
|---|---|---|---|---|---|---|---|---|---|---|---|---|---|---|---|---|
| Withdrawn | Dewey Decimal Classification | Please fill up online form at https://taylorslibrary.taylors.edu.my/services/external_storage1 | Taylor's Library-TU | TU External Storage-LCS | 29/10/2015 | 45.90 | 5000165137 | 05/12/2019 | 1 | 45.90 | Main Collection | SOMAC,09030,03,CL |